Methods in cognitive linguistics
Guardado en:
| Autores principales: | , , , |
|---|---|
| Formato: | Libro |
| Lenguaje: | inglés |
| Publicado: |
Amsterdam
John Benjamins Publishing
2007
|
| Colección: | Human Cognitive Provessing, 18
|
| Materias: | |
| Etiquetas: |
Agregar Etiqueta
Sin Etiquetas, Sea el primero en etiquetar este registro!
|
MARC
| LEADER | 00000cam a2200000 a 4500 | ||
|---|---|---|---|
| 001 | UCI1941 | ||
| 003 | CL-VaPUC | ||
| 008 | 070727e20070000NE |||||||||||||||||eng|d | ||
| 020 | |a 9027223718 | ||
| 082 | 0 | 4 | |a 415 |b GON |2 21 |
| 100 | 0 | |a González Márquez, Mónica |e author |9 522764 | |
| 700 | 0 | |a Mittelberg, Irene |e author |9 522765 | |
| 700 | 0 | |a Coulson, Seana |e author |9 522766 | |
| 700 | 0 | |a Spivey, Michael J |e author |9 522767 | |
| 245 | 1 | 0 | |a Methods in cognitive linguistics |
| 300 | |a 452 p | ||
| 942 | |c BK | ||
| 945 | |d 20070727 00:00:00 |a rbrito | ||
| 260 | |a Amsterdam |b John Benjamins Publishing |c 2007 | ||
| 650 | 7 | |a GRAMATICA COGNITIVA |2 CL-VaPUC |9 345088 | |
| 650 | 0 | |a Lingüística |9 265068 | |
| 650 | 7 | |a INGLES-GRAMATICA |2 CL-VaPUC |9 313180 | |
| 650 | 0 | |a Gramática |9 270497 | |
| 650 | 0 | |a Análisis del discurso |9 256696 | |
| 650 | 0 | |a Enseñanza del inglés |9 367340 | |
| 583 | |a last modification |c 20151216 03:30:33 |k Rodrigo Vera | ||
| 490 | 0 | |a Human Cognitive Provessing, 18 | |
| 999 | |c 326628 |d 326626 | ||
| 952 | |0 0 |1 0 |4 0 |6 415_000000000000000_GON_2007 |7 0 |8 A |9 408653 |a FDOPOS |b FDOPOS |d 2019-11-22 |i 4359364 |o 415 GON 2007 |p 4359364 |r 2025-01-22 |w 2019-11-22 |y BK |k MLA | ||
| 952 | |0 0 |1 0 |3 erb |4 0 |6 415_000000000000000_GON_2007 |7 0 |8 A |9 408654 |a FDOPOS |b FDOPOS |i 5257557 |o 415 GON 2007 |p 5257557 |r 2025-01-22 |w 2019-11-22 |y BK |z Catalogado en:20151218 |k DLA | ||